[Event "Santa Catarina-ch 64th "]
[Site "Lages"]
[Date "2020.02.14"]
[Round "1"]
[White "Dos Santos, Lucas Puhl"]
[Black "Gauche, Charles"]
[Result "0-1"]
[WhiteElo "1480"]
[BlackElo "2237"]
[PlyCount "64"]
[EventDate "2020.02.14"]
[EventType "swiss"]
[EventRounds "6"]
[EventCountry "BRA"]
[SourceTitle "CBM 195 Extra"]
[Source "ChessBase"]
[SourceDate "2020.05.31"]
[SourceVersion "1"]
[SourceVersionDate "2020.05.31"]
[SourceQuality "1"]

1. e4 e5 2. Nf3 Nc6 3. Bc4 d6 4. h3 Be6 5. d3 Qd7 6. Bxe6 fxe6 7. Nc3 Nf6 8. Be3 d5 9. exd5 exd5 10. d4 Bd6 11. Nb5 0-0 12. Nxe5 Nxe5 13. Nxd6 cxd6 14. dxe5 dxe5 15. c3 h6 16. 0-0 a6 17. Qd2 Qe6 18. Rfe1 Rf7 19. Bd4 Ne4 20. Qc2 exd4 21. f3 d3 22. Qxd3 Qb6+ 23. Kh2 Nf6 24. Rab1 Qd6+ 25. Kh1 Re7 26. c4 Rae8 27. Rxe7 Rxe7 28. cxd5 Qxd5 29. Qa3 Re2 30. Rc1 Kh7 31. Qc3 Qd2 32. Qc8 Re5 0-1

[Event "BRA-ch U20"]
[Site "Concordia"]
[Date "2019.08.03"]
[Round "4"]
[White "Lima, Leonardo1111"]
[Black "Dos Santos, Lucas Puhl"]
[Result "1-0"]
[WhiteElo "1613"]
[BlackElo "1528"]
[PlyCount "41"]
[EventDate "2019.08.01"]
[EventType "swiss"]
[EventRounds "7"]
[EventCountry "BRA"]
[SourceTitle "EXT 2020"]
[Source "ChessBase"]
[SourceDate "2019.10.17"]
[SourceVersion "1"]
[SourceVersionDate "2019.10.17"]
[SourceQuality "1"]

1. d4 d5 2. e3 e6 3. Bd3 Nf6 4. c3 c5 5. f4 Nbd7 6. Nf3 Be7 7. Nbd2 0-0 8. 0-0 Qc7 9. Ne5 cxd4 10. cxd4 Nxe5 11. fxe5 Nd7 12. Qh5 h6 13. Rf3 Qd8 14. Rg3 Bg5 15. h4 g6 16. Bxg6 fxg6 17. Qxg6+ Kh8 18. hxg5 Qe7 19. Rh3 Qg7 20. Qxe6 Qf7 21. Qxf7 1-0

[Event "BRA-ch U20"]
[Site "Concordia"]
[Date "2019.08.02"]
[Round "2"]
[White "Dos Santos, Lucas Puhl"]
[Black "Woichinevski, Joao Vinicius Peruc"]
[Result "0-1"]
[WhiteElo "1528"]
[BlackElo "1711"]
[PlyCount "52"]
[EventDate "2019.08.01"]
[EventType "swiss"]
[EventRounds "7"]
[EventCountry "BRA"]
[SourceTitle "EXT 2020"]
[Source "ChessBase"]
[SourceDate "2019.10.17"]
[SourceVersion "1"]
[SourceVersionDate "2019.10.17"]
[SourceQuality "1"]

1. e4 e5 2. Nf3 Nc6 3. Bc4 Nf6 4. d3 Bc5 5. c3 d6 6. b4 Bb6 7. a4 a5 8. b5 Ne7 9. h3 Ng6 10. Be3 c6 11. Nbd2 d5 12. Bb3 0-0 13. 0-0 h6 14. exd5 cxd5 15. d4 e4 16. Ne5 Bc7 17. Nxg6 fxg6 18. c4 Qd6 19. f3 Qh2+ 20. Kf2 Bg3+ 21. Ke2 Qxg2+ 22. Bf2 Bxf2 23. Rxf2 exf3+ 24. Nxf3 Qxh3 25. cxd5 Re8+ 26. Kd2 Ne4+ 0-1

[Event "Santa Catarina-chT"]
[Site "Piratuba"]
[Date "2018.04.15"]
[Round "5.3"]
[White "Dos Santos, Lucas Puhl"]
[Black "Vicenzi, Liziane Nathalia"]
[Result "0-1"]
[WhiteElo "1583"]
[BlackElo "1453"]
[PlyCount "106"]
[EventDate "2018.04.13"]
[EventType "team-swiss"]
[EventRounds "5"]
[EventCountry "BRA"]
[SourceTitle "CBM 184 Extra"]
[Source "ChessBase"]
[SourceDate "2018.06.28"]
[SourceVersion "1"]
[SourceVersionDate "2018.06.28"]
[SourceQuality "1"]
[WhiteTeam "FCX"]
[BlackTeam "UFSC II"]
[WhiteTeamCountry "BRA"]
[BlackTeamCountry "BRA"]

1. e4 c5 2. Nc3 e6 3. g3 Nc6 4. Bg2 g6 5. f4 Nge7 6. d3 Bg7 7. Nf3 0-0 8. 0-0 d5 9. e5 Nf5 10. Ne2 b5 11. c3 Bb7 12. Bd2 Qb6 13. Qc1 c4+ 14. d4 a5 15. g4 Nfe7 16. h4 b4 17. Kf2 f6 18. Rh1 h5 19. gxh5 gxh5 20. Bh3 Nf5 21. Bxf5 exf5 22. Ng3 fxe5 23. fxe5 Nxe5 24. Nxe5 Bxe5 25. Nxh5 Kh7 26. Kf1 Bh8 27. Bh6 Qxh6 28. Qxh6+ Kxh6 29. Nf4 Rae8 30. Kf2 Re4 31. Kf3 Rg8 32. Rhg1 Rg4 33. Rxg4 fxg4+ 34. Kxg4 Re3 35. Ng2 Bc8+ 36. Kf4 Re4+ 37. Kf3 Bf6 38. Rh1 Bg4+ 39. Kf2 Be7 40. Re1 Rxe1 41. Kxe1 Bf3 42. Ne3 Bxh4+ 43. Kd2 Bg5 44. a3 bxa3 45. bxa3 Bxe3+ 46. Kxe3 Be4 47. Kf4 Kg6 48. Kg4 Kf6 49. Kf4 Ke6 50. Kg4 Kd6 51. Kg3 Kc6 52. Kf2 Kb5 53. Ke3 Ka4 0-1

[Event "Sao Bento do Sul U2050 2nd"]
[Site "Sao Bento do Sul"]
[Date "2016.09.16"]
[Round "2.22"]
[White "Evangelista, Andressa"]
[Black "Dos Santos, Lucas Puhl"]
[Result "0-1"]
[WhiteElo "1134"]
[BlackElo "1605"]
[PlyCount "96"]
[EventDate "2016.09.16"]
[EventType "swiss"]
[EventRounds "7"]
[EventCountry "BRA"]
[SourceTitle "EXT 2022"]
[Source "ChessBase"]
[SourceDate "2021.10.06"]
[SourceVersion "1"]
[SourceVersionDate "2021.10.06"]
[SourceQuality "1"]

1. e4 e5 2. Bc4 Bc5 3. Nc3 Nf6 4. a3 d6 5. d3 Ng4 6. Be3 Bxe3 7. fxe3 Nxe3 8. Qf3 Nxc4 9. dxc4 0-0 10. 0-0-0 Qg5+ 11. Rd2 Be6 12. Nd5 Bxd5 13. cxd5 Nd7 14. Qc3 Nc5 15. Nf3 Qf4 16. g3 Qxe4 17. b4 Na4 18. Qd3 Qxd3 19. Rxd3 e4 20. Re3 exf3 21. Rxf3 Nb6 22. Rd3 Rae8 23. Kb2 Re5 24. Rhd1 Rfe8 25. Kb3 Re3 26. a4 Nxd5 27. Rxe3 Rxe3+ 28. Kc4 Nb6+ 29. Kd4 Re5 30. a5 Rd5+ 31. Ke4 Rxd1 32. axb6 axb6 33. Ke3 c5 34. bxc5 bxc5 35. Ke4 Rc1 36. Kd5 Rxc2 37. Kxd6 b5 38. Kd5 b4 39. Ke4 b3 40. Kd3 c4+ 41. Ke3 b2 42. Kd4 b1Q 43. Kd5 Qd1+ 44. Ke4 Re2+ 45. Kf4 Qd4+ 46. Kf5 g6+ 47. Kg5 Re5+ 48. Kh6 Rh5# 0-1

[Event "Sao Sebastiao do Paraiso U14"]
[Site "Sao Sebastiao do Paraiso"]
[Date "2016.04.22"]
[Round "3.7"]
[White "Dos Santos, Lucas Puhl"]
[Black "Abilhoa, Gustavo Auer"]
[Result "1/2-1/2"]
[WhiteElo "1599"]
[BlackElo "1635"]
[PlyCount "118"]
[EventDate "2016.04.21"]
[EventType "swiss"]
[EventRounds "6"]
[EventCountry "BRA"]
[SourceTitle "EXT 2022"]
[Source "ChessBase"]
[SourceDate "2021.10.06"]
[SourceVersion "1"]
[SourceVersionDate "2021.10.06"]
[SourceQuality "1"]

1. e4 c5 2. Nc3 e6 3. f4 d5 4. Bb5+ Nc6 5. exd5 exd5 6. Qe2+ Be7 7. Nf3 Nf6 8. Bxc6+ bxc6 9. 0-0 0-0 10. d3 Re8 11. Qf2 Bd6 12. Bd2 Qc7 13. Qg3 h6 14. Qh4 a5 15. Rae1 Bg4 16. Ne5 Bf5 17. g4 Bh7 18. g5 hxg5 19. Qxg5 d4 20. Nd1 Nd5 21. Qg3 Bxe5 22. fxe5 Re6 23. Kh1 Rae8 24. Nf2 Bf5 25. Ne4 Bxe4+ 26. dxe4 Ne7 27. Qf4 Ng6 28. Qg3 a4 29. Rg1 Qxe5 30. Qg2 Rb8 31. Bc1 Qf6 32. Ref1 Qe5 33. Re1 c4 34. Qg4 d3 35. cxd3 cxd3 36. Qf3 Rf6 37. Qxd3 c5 38. Qg3 Qxg3 39. Rxg3 Ne5 40. Reg1 g6 41. Rg5 Nd3 42. R5g2 Nf2+ 43. Rxf2 Rxf2 44. Rg2 Rxg2 45. Kxg2 c4 46. Kf3 a3 47. bxa3 Rb1 48. Bd2 Rb2 49. Ke3 Rxa2 50. h4 Rxa3+ 51. Kd4 Rd3+ 52. Kxc4 Rxd2 53. Kc3 Rh2 54. e5 Rxh4 55. Kd3 Kf8 56. Ke3 Ke7 57. Kf3 Ke6 58. Kg3 Re4 59. Kf3 Kxe5 1/2-1/2